Formulari de documentació municipal / per Jaume Sánchez Isac
Descripción Física:
221 p. ; 20 cm
MARC
| LEADER | 00000nam a2200000Ia 4500 | ||
|---|---|---|---|
| 001 | 7946 | ||
| 008 | 160829s1982 xx 000 0 cat d | ||
| 080 | |a A-1-331 | ||
| 100 | 1 | |a Sánchez Isac, Jaime |9 85 | |
| 245 | |a Formulari de documentació municipal / per Jaume Sánchez Isac | ||
| 250 | |a 2a ed. | ||
| 260 | |a Barcelona : |b Escola d' Administració Pública de Catalunya, |c 1982 | ||
| 300 | |a 221 p. ; |c 20 cm | ||
| 650 | |a Català administratiu |x Formularis |9 38085 | ||
| 650 | |a Documents públics |x Catalunya |x Formularis |9 38086 | ||
| 650 | |a Formularis administratius |9 27526 | ||
| 710 | |a Escola d'Administració Pública de Catalunya |9 15494 | ||
| 901 | |a Arxiu | ||
| 942 | |n 1 | ||
| 952 | |0 0 |1 0 |4 0 |6 A1331 |7 1 |9 48248 |a Arxiu |b Arxiu |d 2016-12-01 |l 0 |o A-1-331 |p 7946 |r 2016-12-01 00:00:00 |w 2016-12-01 |y ARXIU | ||
| 999 | |c 52054 |d 52054 | ||